| 000 | 00596nam a22001817a 4500 | ||
|---|---|---|---|
| 005 | 20251108172707.0 | ||
| 008 | 250721s1993 xx 000 0 ara d | ||
| 082 | 1 | 4 | _aم/346.04/أمي |
| 100 | 1 |
_aالأمين، محمد علي _eمؤلف |
|
| 245 | 1 | 0 |
_aالتقادم المكسب للملكية في القانون اللبناني : _bدراسة مقارنة / |
| 264 | 1 |
_aبيروت : _bالحلبي الحقوقية، _c1993. |
|
| 300 | _a816ص. | ||
| 650 | 1 | 7 | _aالقانون المدني |
| 650 | 1 | 7 | _aالملكية |
| 650 | 1 | 7 | _aلبنان |
| 942 |
_2ddc _cREF |
||
| 999 |
_c86133 _d86133 |
||